| 000 | 00000cam 2200000zi 4500 |
| 001 | 9.960578 |
| 003 | CaOODSP |
| 005 | 20260515144745 |
| 006 | m o d f |
| 007 | cr cn |||||||| |
| 008 | 260304e202604 oncd ob f000 0 fre d |
| 020 | |a9780660987736 |
| 040 | |aCaOODSP|bfre|erda|cCaOODSP |
| 043 | |an-cn--- |
| 086 | 1 |aFs70-6/2026-013F-PDF |
| 245 | 00|aÉvaluation des stocks de harengs de l'Atlantique (Clupea harengus) du nord-est du golfe du Saint-Laurent (4RSw) en 2024. |
| 246 | 37|aÉvaluation des stocks de harengs de l’Atlantique 4RSw en 2024 |
| 264 | 1|aOttawa : |bSecrétariat canadien de consultation scientifique, |cavril 2026. |
| 264 | 4|c©2026 |
| 300 | |a1 ressource en ligne (11 pages) : |bgraphiques. |
| 336 | |atexte|btxt|2rdacontent/fre |
| 337 | |ainformatique|bc|2rdamedia/fre |
| 338 | |aressource en ligne|bcr|2rdacarrier/fre |
| 490 | 1 |aAvis scientifique, |x1919-5117 ; |v2026/013 |
| 500 | |aPublié aussi en anglais sous le titre : Northeastern Gulf of St. Lawrence (4RSw) Atlantic herring (Clupea harengus) stock assessment in 2024. |
| 504 | |aComprend des références bibliographiques (pages 10-11). |
| 650 | 6|aHareng|zSaint-Laurent, Golfe du. |
| 650 | 6|aHareng|xPêche commerciale|zSaint-Laurent, Golfe du. |
| 650 | 6|aRessources halieutiques|xÉvaluation|zSaint-Laurent, Golfe du. |
| 710 | 2 |aSecrétariat canadien de consultation scientifique, |eorganisme de publication. |
| 710 | 1 |aCanada. |bMinistère des pêches et des océans. |bRégion du Québec, |eorganisme de publication. |
| 775 | 08|tNortheastern Gulf of St. Lawrence (4RSw) Atlantic herring (Clupea harengus) stock assessment in 2024.|w(CaOODSP)9.960579 |
| 830 | #0|aAvis scientifique (Secrétariat canadien de consultation scientifique)|v2026/013.|w(CaOODSP)9.502624 |
| 856 | 40|qPDF|s542 Ko|uhttps://publications.gc.ca/collections/collection_2026/mpo-dfo/fs70-6/Fs70-6-2026-013-fra.pdf |